Statistics for Most Populous African Capitals A-Z

Click here to take the quiz!

General Stats

  • This quiz has been taken 53 times
    (25 since last reset)
  • The average score is 15 of 20

Answer Stats

Letter Population Capital % Correct
C10.2 millCairo
100%
K10.1 millKinshasa
96%
N3.13 millNairobi
96%
A3.41 millAlgiers
91%
T1.18 millTripoli
87%
F1.07 millFreetown
83%
W252,721Windhoek
78%
M1.09 millMogadishu
78%
D1.03 millDakar
78%
H1.48 millHarare
78%
L2.45 millLuanda
74%
P700,000Pretoria
70%
R1.79 millRabat
65%
V29,298Victoria
65%
Y2.76 millYaoundé
65%
O1 millOuagadougou
61%
G225,656Gaborone
61%
J372,410Juba
57%
B1.82 millBrazzaville
57%
S56,166Sao Tome
57%

Score Distribution

Percentile by Number Answered

Percent of People with Each Score

Your Score History

You have not taken this quiz since the last reset